| 000 | 02083nam a2200325Ia 4500 | ||
|---|---|---|---|
| 005 | 20240507113013.0 | ||
| 007 | vd cvaizk | ||
| 008 | 230525s2023 030 ## v eng d | ||
| 024 |
_a810071446825 _q (videorecording) |
||
| 040 |
_aCTMMSN _beng _erda _cCTMMSN |
||
| 082 | 4 | _a468.2421 | |
| 092 |
_aEDVD _bVam |
||
| 245 | 0 | 0 | _aVamos A Jugar (Let's Play) Spanish for kids |
| 264 |
_a[Place of publication not identified?]: _bDreamscape Media, LLC, _c2023 |
||
| 264 |
_aOld Saybrook, Connecticut : _bwww.micromarketing.org _c2023 |
||
| 300 |
_a[1 videodisc (approximately 30 minutes)?] : _bsound, color; _c4 3/4 in. |
||
| 336 | _atwo-dimensional moving image | ||
| 337 | _avideo | ||
| 338 | _avideodisc | ||
| 500 | _a[Typographic symbols and accents removed for systems compatibility.] | ||
| 500 | _aWidescreen edition. | ||
| 520 | _aIt's non stop fun in this colorful, award winning Spanish language learning video! Two words are guaranteed to brighten a child's face: Let's play! (!Vamos a jugar!) Learning time becomes play time with this award winning Spanish learning program. Join Maria and a diverse cast of playful peers as they introduce words for parts of the body, clothes, numbers, colors, and more. Vamos a Jugar builds children's Spanish vocabulary through an imaginative and interactive format that combines brightly colored graphic backgrounds, animation, puppets, and live action with lively sing along, dance along Latin music. What are you waiting for? !Vamos a jugar! The video includes an easy to use translation guide for parents and teachers, as well as English and Spanish subtitles. Designed for ages 1-5, Vamos a Jugar is fun for all ages! Whistlefritz; 810071446825; 1 Disc(s); 30 min; Educational; NR; 06/13/23 | ||
| 521 | _aRating: NR. | ||
| 538 | _aDVD, color, widescreen, NTSC. | ||
| 650 | 7 |
_aChildrens Video _2bisacsh _96435881 |
|
| 655 |
_aVideo recordings. _2lcgft |
||
| 710 |
_aDreamscape Media, LLC _96025190 |
||
| 942 |
_2ddc _cDVD |
||
| 949 | _nwww.MicroMarketing.org 800-229-9887 | ||
| 999 |
_c384717 _d384717 |
||